000 01144nam a2200289 4500
001 0000015213
003 CO-CtgCURN
005 20250331185240.0
007 ta
008 160627s1992 000 0 eng d
040 _aCO-CtgCURN
_bspa
_ccoctgcurn
082 0 _a639.27
_bO76m
100 1 _aOspina Navia, Francisco.
245 1 0 _aManual de pesca comercial y navegacion costera :
_bproblemas ecologicos de Colombia y el mundo /
_cFrancisco Ospina Navia , textos Tatiana Torres del Rio.
260 _aBogotá :
_bImprenta y Publicaciones FF. MM,
_c1992.
300 _a238 p.
336 _2rdacontent
337 _2rdamedia
_asin mediacion
_bn
338 _2rdacarrier
_avolumen
_bnc
500 _aIncluye bibliografia.
505 8 _aPesca artesanal.--Pesca semiindustrial.--Pesca industrial.--Peces comerciales.--Pesca del tiburon.--Acuicultura.--Navegacion maritima.--Reglas de navegacion
650 1 4 _aPesca
_vLegislacion
_zColombia.
700 1 _aValle Berrio, Adolfo
_aTorres del Rio, Tatiana.
908 _a160627
942 _cBK
_h639.27
_iO76m
_2ddc
999 _c24038
_d24038